[Event "MPL National Senior Chess-ch 2022"]
[Site "Kanpur"]
[Date "2022.02.27"]
[Round "5.6"]
[White "Karthikeyan, Murali"]
[Black "Koustav Chatterjee"]
[Result "0-1"]
[WhiteElo "2622"]
[BlackElo "2466"]
[Annotator "TA"]
[PlyCount "118"]
[EventDate "2022.02.25"]
[EventCountry "IND"]
[SourceTitle "playchess.com"]
[Source "ChessBase"]
[SourceQuality "1"]

{[%evp 20,118,13,8,12,0,29,10,23,15,33,30,37,18,13,20,13,12,41,8,11,6,10,16,13,0,12,-16,4,-30,-41,-29,-31,-43,0,-4,-8,-20,0,0,0,0,19,10,14,0,0,0,0,0,0,0,31,11,63,29,31,32,73,21,21,21,18,-512,-497,-497,-472,-1144,-1212,-1228,-1228,-1080,0,-408,0,-1254,-1255,-1230,-1156,-1100,0,-1102,-1061,-1058,-690,-1092,-616,-1041,-1009,-1447,-1470,-29978,-29979,-29984,-29985,-29987,-29988,-29988,-12839,-5739,-2409]} 1. e4 e5 2. Nf3 Nc6 3. Bb5 Nf6 4. d3 d6 5. O-O Be7 6. Re1 O-O 7. Bxc6 bxc6 8. d4 exd4 9. Nxd4 Bd7 10. Nc3 Re8 11. Qf3 Rb8 {C41: Philidor Defence.} 12. b3 {[#]} h6 $146 {[%cal Od6d5]} (12... d5 $5) ({Predecessor:} 12... Ng4 13. Nf5 Bf6 14. Bd2 Ne5 15. Qf4 Bxf5 16. Qxf5 Qd7 17. Qxd7 Nxd7 18. Rad1 Nc5 19. f3 {½-½ (59) Petschar,K (2265)-Grabher,H (2311) Austria 2006}) 13. h3 Bf8 {The position is equal.} 14. Bf4 c5 15. Nf5 Bc6 16. Rad1 Rb4 {[%cal Rf6e4]} 17. Ng3 g6 18. a3 Rb8 19. Qd3 Nd7 20. Nd5 Bg7 21. Nf1 Nf6 22. Nc3 Nd7 23. Qd2 Kh7 24. Nh2 Qf6 25. Nd5 Bxd5 26. exd5 Qf5 (26... Qb2 $5 {[%cal Rg7c3]} 27. Qc1 g5 28. Rxe8 Qxc1 29. Bxc1 Rxe8 $11) 27. Rxe8 Rxe8 28. Nf1 Nf6 {[%cal Of6d5]} 29. Ng3 Qd7 30. Qd3 Re7 31. c4 Qe8 32. Be3 Ne4 {[#] And now ...Nxg3 would win.} 33. Nxe4 Rxe4 34. Kf1 f5 35. Re1 Bd4 (35... f4 $5 36. Bd2 Rxe1+ 37. Bxe1 Qe5 $11) 36. Bd2 Qe5 (36... c6 $11) 37. g3 h5 38. Re2 h4 (38... Qe7 $14) 39. Bf4 (39. g4 $16) 39... Rxf4 40. gxf4 (40. Rxe5 Rxf2+ 41. Ke1 dxe5 42. gxh4 e4 $19) 40... Qxf4 $11 {[%mdl 4096] Endgame KQR-KQB} 41. Qd2 $2 {[%mdl 8192]} (41. b4 $11 {and White is okay.}) 41... Qf3 $19 {[%csl LRb3,LRh3][%cal Rf3h1] [#]} 42. Re7+ Kg8 43. Rxc7 (43. Qe1 $142 Qh1+ 44. Ke2 Qxh3 45. Qg1) 43... Qxh3+ 44. Ke2 Qg4+ 45. Kf1 Qh3+ (45... h3 $142 {( -> ...h2)} 46. Rc8+ Kg7 47. Rc7+ Kg8 48. Rc8+ Kf7 49. Rc7+ Kg8) 46. Ke2 $1 {Black must now prevent Qh6.} Qg4+ (46... Qxb3 $142 47. Rxa7 (47. Rc8+ $2 Kg7 $19) 47... Qxc4+ 48. Qd3 Qxd3+ 49. Kxd3 h3) 47. Kf1 h3 48. Rc8+ Kg7 49. Rc7+ Kg8 50. Rc8+ $1 Kf7 51. Rc7+ Kf6 52. Qe2 {[%csl Gc7][%cal Re2e7]} Qg2+ 53. Ke1 {[%csl Gc7][%cal Re2e7]} Be5 54. f4 Qg1+ 55. Qf1 Qe3+ 56. Qe2 Qc1+ 57. Kf2 Qxf4+ 58. Qf3 Qxf3+ (58... Qh4+ $142 59. Ke2 h2 60. Rb7 h1=Q 61. Qxh1 Qxh1 62. b4 Qe4+ 63. Kd2 Bf4+ 64. Kc3 Qd4+ 65. Kc2 Qxc4+ 66. Kb2 Be5+ 67. Kb1 Qb3+ 68. Kc1 Bf4#) 59. Kxf3 g5 {Weighted Error Value: White=0.59/Black=0.43} 0-1

[Event "MPL National Senior Chess-ch 2022"]
[Site "Kanpur"]
[Date "2022.02.27"]
[Round "5.7"]
[White "Sidhant, Mohapatra"]
[Black "Puranik, Abhimanyu"]
[Result "1/2-1/2"]
[WhiteElo "2359"]
[BlackElo "2618"]
[Annotator "TA"]
[PlyCount "91"]
[EventDate "2022.02.25"]
[EventCountry "IND"]
[SourceTitle "playchess.com"]
[Source "ChessBase"]
[SourceQuality "1"]

{[%evp 13,91,0,18,11,26,-6,-7,-12,-8,-24,0,-4,18,20,24,32,43,0,0,-52,-29,-50,-71,-36,-58,-60,-54,-60,-69,-146,-134,-154,-134,-156,-72,-51,-49,-45,-50,-56,-43,-46,-40,-40,-42,-58,-42,-61,-53,-45,-40,-56,-54,-45,-33,-15,-17,-43,-14,-15,0,-20,-17,-16,-16,-15,0,0,0,-11,0,-50,0,-9,0,-56,0,-8,0,-28]} 1. e4 c5 2. Nf3 Nc6 3. Bb5 e6 4. O-O Nge7 5. b3 a6 6. Bxc6 Nxc6 7. Bb2 Qc7 8. Re1 {B30: Sicilian: 2...Nc6 3 Bb5, lines without ...g6.} b6 {[#]} 9. d3 $146 ({Predecessor:} 9. c3 Bd6 10. d4 Bb7 11. Nbd2 O-O 12. Nc4 cxd4 13. Nxd6 Qxd6 14. cxd4 Ne7 15. d5 exd5 {½-½ (62) Bida,M (2262)-Murariu,A (2518) Targu Mures 2014}) 9... Bb7 10. Nbd2 f6 {To avoid Ng5} 11. c3 O-O-O 12. d4 d5 13. exd5 exd5 14. dxc5 bxc5 15. Nf1 (15. b4 $14) 15... Kb8 $11 16. Qc2 (16. b4 $11) 16... Bd6 $15 17. Rad1 Ne5 18. Nxe5 Bxe5 19. Bc1 g5 20. Re2 h5 {[%cal Bh7h5,Bh5h4,Bh4h3][%mdl 32]} 21. b4 {[#]} ({White should play} 21. Rde1 $15) 21... h4 $1 $17 22. bxc5 h3 {aiming for ...hxg2.} ({And not} 22... Qxc5 23. Be3 Qxc3 24. Qxc3 Bxc3 25. Bd2 $17) 23. g3 d4 {To avoid Be3} (23... Qxc5 $142 {Hoping for ...Qc6.} 24. Rd3 Qc6) 24. cxd4 {[#]} Qc6 $1 {[%csl Gb7][%cal Rc6h1]} 25. f3 $1 ({Don't go for} 25. d5 $2 Rxd5 26. Rxd5 Qxd5 $19) 25... Bxd4+ 26. Be3 $1 Bxe3+ ({Don't play} 26... Qxf3 27. Bxd4 Rhe8 28. Be3 $16) 27. Rxe3 Rxd1 {[%mdl 64] Overworked Piece} 28. Qxd1 Qxc5 29. g4 Rc8 30. Kf2 f5 31. gxf5 Qxf5 32. Qd6+ Ka8 33. Nd2 g4 34. f4 Qc2 35. a3 Qd1 {Strongly threatening ...Qh1.} 36. Nc4 $1 {White wants to mate with Nb6+.} Qc2+ 37. Nd2 Qc1 {Threatens to win with ...Qh1.} 38. Nf1 $1 Qb2+ 39. Re2 Qb3 {( -> ...Qf3+)} 40. Re3 {To avoid Qf3+} Rc2+ 41. Nd2 {The board is on fire.} Qg8 42. Qd7 ({Better is} 42. Qd3 $11 Qc8 43. Kg3) 42... Bc8 (42... Qc8 $15 43. Qxc8+ Bxc8) 43. Qd4 Bb7 {To avoid Qe4} (43... Qa2 $11 44. Ke2 Qb2 45. Qxb2 Rxb2) 44. Qd7 $15 {And now Re8+ would win.} Bc8 (44... Qc8 $1 $15 {should be considered.} 45. Qxc8+ Bxc8) 45. Qd4 $11 {Qe4+ is the strong threat.} Bb7 {Prevents Qe4.} 46. Qd7 {Weighted Error Value: White=0.10 (very precise) /Black=0.11 (very precise)} 1/2-1/2

[Event "MPL National Senior Chess-ch 2022"]
[Site "Kanpur"]
[Date "2022.02.27"]
[Round "5.8"]
[White "Harshad S"]
[Black "Aravindh, Chithambaram VR."]
[Result "0-1"]
[WhiteElo "2328"]
[BlackElo "2611"]
[Annotator "TA"]
[PlyCount "54"]
[EventDate "2022.02.25"]
[EventCountry "IND"]
[SourceTitle "playchess.com"]
[Source "ChessBase"]
[SourceQuality "1"]

{[%evp 9,53,24,19,8,10,11,7,-15,56,-68,25,-283,-310,-333,-327,-457,-469,-459,-459,-416,-446,-420,-302,-651,-640,-834,-815,-29982,-29983,-29983,-29984,-29984,-29985,-29960,-29953,-29997,-29995,-29995,-29996,-29996,-29997,-29997,-29998,-29998,-29999,-29999]} 1. e4 g6 2. d4 Bg7 3. Nf3 d6 4. Bc4 Nf6 {[%cal Bg8f6,Bf6g4,Bg4e5,Be5d3,Bd3c1][%mdl 32]} 5. Qe2 Nc6 6. e5 {B06: Modern Defence.} dxe5 7. dxe5 Ng4 {[%cal Rg4e5]} 8. e6 {The position is equal.} fxe6 (8... Bxe6 $11 9. Bxe6 fxe6) 9. Bxe6 {[#]} (9. O-O $14) 9... Rf8 $146 ({Better is} 9... Bxe6 $15 10. Qxe6 {[#]} Nd4 $1) ({Predecessor:} 9... Bxe6 10. Qxe6 Qd7 11. Qxd7+ Kxd7 12. O-O Rae8 13. h3 Nh6 14. Ng5 Nd4 15. Rd1 Kc6 16. Rxd4 Bxd4 {0-1 (52) Konsek,P (2083)-Wittmann,H (2067) Uttenreuth 2017}) 10. c3 $2 {[%mdl 8192] This move loses the game for White.} (10. Bxc8 $1 $11 {and White has nothing to worry.} Qxc8 11. h3) 10... Nge5 $19 {[#] White must now prevent ...Nd3+.} 11. Bxc8 Nd3+ ({Worse is} 11... Qxc8 12. Nxe5 Nxe5 13. O-O $11) 12. Kf1 Nxc1 13. Qd2 Rxc8 14. Qxc1 Qd3+ 15. Kg1 Rd8 {( -> ...Qd1+)} 16. Na3 $2 (16. Nbd2 Bh6 17. Qf1 Bxd2 18. Qxd3 Rxd3 19. Rd1) 16... Rxf3 17. gxf3 Ne5 ({Weaker is} 17... Qxf3 18. h3 $19) 18. Qe3 Nxf3+ {Black mates.} 19. Kg2 Nh4+ 20. Kh3 Qf5+ 21. Kxh4 Be5 {[%csl Gg6][%cal Rf5h5]} 22. Qe2 g5+ 23. Kh5 Qh3+ 24. Kxg5 h6+ 25. Kg6 Rd6+ 26. Kh7 Qf5+ 27. Kg8 Qf7# {Weighted Error Value: White=1.53/Black=0.19 (very precise)} 0-1

[Event "MPL National Senior Chess-ch 2022"]
[Site "Kanpur"]
[Date "2022.02.27"]
[Round "5.9"]
[White "Bharat Kumar Reddy Poluri"]
[Black "Sengupta, Deep"]
[Result "0-1"]
[WhiteElo "2263"]
[BlackElo "2528"]
[Annotator "TA"]
[PlyCount "98"]
[EventDate "2022.02.25"]
[EventCountry "IND"]
[SourceTitle "playchess.com"]
[Source "ChessBase"]
[SourceQuality "1"]

{[%evp 22,98,70,66,70,52,64,57,54,53,58,57,57,58,68,62,59,46,77,75,93,76,92,36,36,24,52,58,73,14,31,0,35,13,13,13,15,10,114,114,113,112,106,106,107,-141,-125,-145,0,0,23,-175,-170,-147,-179,-172,-143,-131,-129,-181,-181,-179,-164,-168,-154,-610,-610,-548,-620,-599,-616,-594,-584,-1098,-1050,-29982,-5949,-1969,-1706]} 1. e4 {[%cal Be2e4,Be4e5][%mdl 32]} g6 2. d4 Bg7 3. Nc3 c6 4. f4 d5 5. e5 h5 6. Nf3 Nh6 7. Be3 Bg4 8. h3 Nf5 9. Bf2 Bxf3 10. Qxf3 h4 11. Bd3 e6 12. O-O Bf8 {B15: Caro-Kann: 3 Nc3: 3...g6 and 3...dxe4 4 Nxe4 Nf6 5 Nxf6+ exf6.} 13. Ne2 Be7 14. b3 a5 {White is slightly better.} 15. c4 Na6 16. a3 Kf8 {[#]} 17. Rfb1 $146 ({Predecessor:} 17. c5 Nc7 18. b4 axb4 19. axb4 Kg7 20. Kh2 Qd7 21. Nc3 Rxa1 22. Rxa1 Ra8 23. Rxa8 Nxa8 {1-0 (35) Ivanisevic,I (2585)-Sadovsky,A (2367) Chess.com INT 2021}) 17... Kg7 18. Kh2 Qd7 19. Ra2 Nh6 20. Nc3 Nf5 21. Bxf5 gxf5 22. g4 (22. Na4 $16) 22... hxg3+ $1 $14 23. Qxg3+ Kh7 24. Qf3 {Intending Qh5+ and mate.} Rag8 25. Rg1 (25. c5 $1 $16) 25... Rg6 26. Na4 b5 27. Nb6 Qd8 28. c5 Kg7 29. Qc3 Nb8 (29... Qg8 $11) 30. Rxg6+ $16 (30. Qxa5 $2 Rxh3+ $3 {[%mdl 512]} 31. Kxh3 Qh8+) 30... fxg6 31. Qxa5 g5 32. fxg5 Bxg5 {[%cal Be7g5,Bg5f4,Bf4e3][%mdl 32]} 33. Be1 $2 (33. Qc3 $1 $16 {is forced if you want to stay better.}) 33... Bf4+ $17 34. Kg1 Rxh3 ({Better is} 34... Be3+ $17 35. Kf1 Bxd4 36. Qa7+ Kf8) 35. Rg2+ $11 Kh8 {[#] ...Be3+ is the strong threat.} (35... Kh6 $5 {[%cal Rf4e3]} 36. Nc4 Qxa5 37. Nxa5 Bg5 $11) 36. Qa7 $2 (36. Nc4 $1 $11 {and White stays safe.} Qxa5 37. Nxa5) 36... Be3+ $19 37. Kf1 {[%csl Gg2][%cal Ra7g7]} (37. Bf2 $2 Bxf2+ 38. Kf1 Rh7 $1 39. Qxh7+ Kxh7 $19) 37... Rh7 {Inhibits Qg7+. The board is on fire.} 38. Bh4 {Threatening mate with Bf6+.} Rxa7 39. Bxd8 {Threatens to win with Nc8.} Rxa3 {Strongly threatening ...Ra1+.} ({Don't do} 39... Bxd4 40. Bf6+ Kh7 41. Nc8 Rxa3 42. Rh2+ Kg8 43. Ne7+ Kf8 44. Rh8+ Kf7 45. Rxb8 Bxc5 46. Rb7 (46. Nxc6 f4 $16) 46... Bxe7 47. Rxe7+ Kg6 48. Rxe6 $16) 40. Bf6+ Kh7 41. Rg7+ Kh6 42. Rg8 {[#]} f4 $1 ({Worse is} 42... Rxb3 43. Nc8 Kh5 44. Kg2 $11) ({Stronger than} 42... Bxd4 43. Rxb8 f4 44. Rh8+ Kg6 45. Nc8 $17) 43. Bg5+ $2 {White does not recover from this.} (43. Kg2 $17 Rxb3 44. Rxb8) 43... Kh5 44. Bxf4 Bxf4 45. Rxb8 {KRB-KRN} Kg4 {aiming for ...Kf3.} 46. Ke2 Rxb3 {Hoping for ...Rb2+.} 47. Rc8 Rb2+ 48. Kd3 b4 {[%csl Gf4][%cal Rb2d2]} 49. Nc4 Rb3+ {Weighted Error Value: White=0.55/Black=0.15 (very precise)} 0-1

[Event "MPL National Senior Chess-ch 2022"]
[Site "Kanpur"]
[Date "2022.02.27"]
[Round "5.11"]
[White "Jain, Shrenhik Daklia"]
[Black "Iniyan, P."]
[Result "0-1"]
[WhiteElo "2049"]
[BlackElo "2516"]
[Annotator "TA"]
[PlyCount "88"]
[EventDate "2022.02.25"]
[EventCountry "IND"]
[SourceTitle "playchess.com"]
[Source "ChessBase"]
[SourceQuality "1"]

{[%evp 27,88,22,32,20,39,16,40,18,31,0,38,14,22,0,29,0,64,41,109,125,118,125,125,118,121,114,125,122,104,118,118,78,140,119,131,0,131,0,191,180,179,181,168,170,187,164,195,159,182,165,162,141,147,141,131,103,104,111,100,0,148,-165,-186]} 1. d4 Nf6 2. c4 e6 3. Nf3 b6 4. g3 Ba6 5. b3 Bb4+ 6. Bd2 Be7 7. Bg2 O-O 8. O-O c6 9. Bc1 d5 10. Nbd2 Nbd7 11. Bb2 Rc8 12. Rc1 c5 13. cxd5 exd5 14. Re1 Bb7 15. Ne5 {E15: Queen's Indian: 4 g3 sidelines, 4 g3 Ba6 and 4 g3 Bb7 early deviations.} Re8 16. e3 {[#]} Nf8 $146 ({Predecessor:} 16... h6 17. Bh3 Rc7 18. Qe2 Bd6 19. Nxd7 Nxd7 20. Red1 cxd4 21. Rxc7 Qxc7 22. Rc1 Nc5 23. Bxd4 {½-½ (46) Schmidt,L (2403)-Wernikiewicz,Z (2329) ICCF email 2015}) 17. Ndf3 {White is slightly better.} Ne4 {To avoid Ng5} 18. Nd2 Nd6 19. Nf1 {Black should prevent dxc5.} Ne4 20. Nd2 {[%cal Bf1d2,Bd2f3,Bf3g5][%mdl 32]} Nf6 21. Ndf3 Rc7 (21... Ne4 $11) 22. dxc5 (22. Ng5 {with more complications.} Bd6 23. Nexf7 Rxf7 24. Nxf7 Kxf7 25. dxc5 Bxc5 26. b4) 22... bxc5 ({Better is} 22... Bxc5 $14 23. Nd3 Ne6) 23. Ng5 $16 Bd6 24. Nexf7 Rxf7 25. Nxf7 Kxf7 26. Bxf6 Qxf6 27. Bxd5+ Bxd5 28. Qxd5+ Qe6 29. Red1 Be7 (29... Qxd5 $142 30. Rxd5 Be7) 30. Qb7 {Black must now prevent Rxc5.} Qb6 31. Qd5+ Qe6 32. Qb7 (32. Qf3+ $16 Kg8 33. Rc4) 32... Rc8 $2 (32... Qb6 $1 $11 {and Black has nothing to worry.} 33. Qd5+ Qe6) 33. Qxa7 $18 Ng6 {[%cal Bf8g6,Bg6e5,Be5c6][%mdl 32]} 34. Qb7 {[%cal Ob3b4]} Ne5 35. Qe4 g6 36. Kg2 Rb8 37. Rd5 Nc6 38. Qf4+ Kg7 39. Rd2 Rf8 40. Qa4 ({But not} 40. Qc7 $6 Qe4+ 41. Kg1 Ne5 $1 42. Qxe7+ Rf7 $11) 40... g5 41. h3 {Prevents g4.} h5 42. Qc4 Qf5 {And now ...Ne5 would win.} 43. Qd5 ({White should try} 43. f4 $16) 43... Qg6 {[#]} (43... Ne5 $11 {remains equal.} 44. Qb7 (44. f4 $2 Rd8 $19) 44... Rf7) 44. a3 $2 {[%mdl 8192]} (44. Qd3 $1 $16) 44... Rd8 {[%mdl 64] Skewer.  Weighted Error Value: White=0.39/Black=0.35} 0-1

[Event "MPL National Senior Chess-ch 2022"]
[Site "Kanpur"]
[Date "2022.02.27"]
[Round "5.12"]
[White "Arjun Kalyan"]
[Black "Anuj Shrivatri"]
[Result "1/2-1/2"]
[WhiteElo "2506"]
[BlackElo "2350"]
[Annotator "TA"]
[PlyCount "97"]
[EventDate "2022.02.25"]
[EventCountry "IND"]
[SourceTitle "playchess.com"]
[Source "ChessBase"]
[SourceQuality "1"]

{[%evp 9,97,19,29,0,36,31,41,0,8,0,0,4,-8,-4,0,-82,-22,-247,0,0,0,-4,0,0,18,7,10,13,22,17,22,30,20,0,0,0,-10,-18,-24,-22,-18,-23,-18,-21,-8,-93,-93,-51,0,-9,-12,-12,-17,-93,-87,-75,-20,-20,-15,-20,-4,-46,-70,-71,-52,-98,-72,-84,-51,-81,0,0,0,0,0,0,0,0,25,0,0,0,35,0,0,0,35,0,79,0]} 1. e4 e5 2. Nf3 Nc6 3. Bc4 Nf6 4. d3 Bc5 5. a4 {[%cal Ba2a4,Ba4a5][%mdl 32]} O-O 6. a5 {C50: Hungarian Defence and Giuoco Pianissimo.} d5 7. exd5 Nxd5 8. c3 {To avoid Bb4. White is slightly better.} a6 {[%cal Ba7a6,Ba6a5,Ba5a4][%mdl 32] [#]} 9. h3 $146 ({Predecessor:} 9. Nbd2 f6 10. Ne4 Ba7 11. Qb3 Nce7 12. O-O Kh8 13. h3 b5 14. axb6 cxb6 15. d4 exd4 16. Nxd4 {½-½ (72) Duda,J (2728)-So,W (2754) Moscow 2019}) 9... b5 10. axb6 Nxb6 11. Bb3 a5 12. Ng5 (12. Bc2 $11 {remains equal.}) 12... h6 (12... Ba6 $17 13. O-O (13. Ne4 Be7 $17) 13... Qxd3) 13. Qf3 {[#]} hxg5 $2 (13... e4 $1 $19 {[%cal Re4f3]} 14. Bxf7+ Kh8) 14. Qxc6 $11 Be7 15. O-O a4 16. Bc2 Be6 {...Bd5 is the strong threat.} 17. Qe4 Bd6 18. Nd2 f5 19. Qe2 Qf6 $1 {[%cal Oa4a3]} 20. Nf3 f4 $1 21. d4 exd4 22. Nxd4 Bc4 23. Qh5 {Bh7+ would kill now.} Qh6 {Inhibits Bh7+.} 24. Qxh6 gxh6 25. Re1 Rfe8 26. Bd2 c5 27. Nf5 (27. Nf3 $11) 27... Bf8 $17 28. g3 (28. f3 $17) 28... fxg3 (28... Bb3 $1 $15 29. Rxe8 Rxe8 30. Bxb3+ axb3 31. gxf4 Nc4) 29. Nxg3 Bb3 30. Bg6 Red8 {[%cal Be8d8,Bd8d5,Bd5e5][%mdl 32]} 31. Ne4 (31. Bc1 $11 {keeps the balance.}) 31... Nc4 {[%csl LRb2,LRd2]} 32. Bc1 Kg7 (32... Ne5 $17 33. Bh5 (33. Nf6+ $2 Kg7 $19) 33... Nd3) 33. Bh5 $11 Rd5 34. Be2 Re5 35. Bxc4 (35. Nd2 $11 {was preferrable.} Rae8 36. Kf1) 35... Bxc4 $15 36. f3 Kg6 37. Kf2 (37. Be3 $15) 37... Bb3 38. Be3 {[%cal Oh3h4]} Rae8 (38... Bd5 {is interesting.} 39. Ng3 Re6 40. Rad1 Bc6 41. Bd2 Rf6) 39. Nd2 {[#]} c4 ({Better is} 39... Bc2 $1 $17) 40. Nxb3 $11 axb3 41. Ra6+ $1 Kh5 42. Rc6 R8e6 43. Rxc4 Rf5 44. Kg2 (44. h4 $5) 44... Rfe5 {Inhibits Re4.} 45. Kf2 Rf5 46. Kg2 (46. h4 $5) 46... Rfe5 {Prevents Re4.} 47. Kf2 Rf5 48. Ke2 (48. h4 $5) 48... Rfe5 {To avoid Re4} (48... Rf4 $1 $11 49. Re4 Rfxe4 50. fxe4 Rxe4) 49. Kf2 {Weighted Error Value: White=0.27 (precise) /Black=0.22 (precise)} (49. Kd3 $16) 1/2-1/2

[Event "MPL National Senior Chess-ch 2022"]
[Site "Kanpur"]
[Date "2022.02.27"]
[Round "5.13"]
[White "Swapnil, S. Dhopade"]
[Black "Mohamed Anees M"]
[Result "1/2-1/2"]
[WhiteElo "2495"]
[BlackElo "2238"]
[Annotator "TA"]
[PlyCount "116"]
[EventDate "2022.02.25"]
[EventCountry "IND"]
[SourceTitle "playchess.com"]
[Source "ChessBase"]
[SourceQuality "1"]

{[%evp 18,116,21,15,34,26,32,16,22,24,14,23,65,14,4,0,0,0,0,-8,0,0,0,-17,-10,-21,0,0,0,0,0,0,0,0,46,51,66,45,66,49,58,58,41,14,23,10,44,31,41,11,14,11,11,11,11,11,11,11,42,3,36,36,36,36,42,38,102,12,47,45,42,0,0,0,0,0,0,0,0,0,0,0,0,0,0,0,0,0,0,0,0,0,0,0,0,0,0,0,0,0,4]} 1. d4 d5 2. c4 c6 3. Nc3 Nf6 4. e3 e6 5. Nf3 Nbd7 6. Qc2 Bd6 7. b3 O-O 8. Bb2 b6 9. Bd3 Bb7 10. O-O c5 {D45: Semi-Slav: 5 e3.} 11. cxd5 exd5 12. Nb5 Be7 13. Rfd1 a6 14. Nc3 Bd6 (14... g6 $11) 15. Rac1 {White is more active.} (15. e4 $14 cxd4 16. Nxd5 (16. Nxd4 dxe4 17. Nxe4 Nxe4 $11)) 15... Re8 $11 16. Ne2 Rc8 17. Qb1 Qe7 18. Ng3 g6 {[#] Inhibits Nf5.} 19. Ba1 $146 ({Predecessor:} 19. Qa1 h5 20. Rc2 Ne4 21. Bxe4 dxe4 22. Nd2 h4 23. Ne2 cxd4 24. Rxc8 Rxc8 25. Nxd4 Ne5 26. Nc4 Nd3 27. Nxd6 Qxd6 {0-1 (41) Sokolovsky,Y (2489)-Esipenko,A (2683) Chess.com INT 2020}) 19... Qe6 20. dxc5 bxc5 21. Qb2 Bf8 22. Rc2 Bg7 23. Qa3 h5 24. Bf1 Qb6 25. Qa4 Qc6 (25... Bh6 $11 {is more appropriate.}) 26. Qxc6 $14 Rxc6 27. Ne2 Rcc8 28. Bb2 (28. Ng5 {with more complications.} Ng4 29. Bxg7 Kxg7 30. Nf4 Ngf6 31. g3) 28... Ne4 29. Bxg7 Kxg7 30. Nc3 Nxc3 31. Rxc3 Kf6 32. g3 Ne5 33. Nxe5 (33. Ne1 {feels hotter.} Red8 34. Bh3 Rc7 35. Rdc1 c4 36. Bg2) 33... Kxe5 34. Bg2 Red8 35. f4+ Ke6 $1 36. Kf2 a5 37. Bf3 Rc7 {[%cal Oa5a4]} 38. h3 (38. e4 $5 {[%cal Re4d5]}) 38... Rcc8 39. g4 hxg4 40. hxg4 Rh8 41. Kg3 {To avoid Rh2} f6 (41... Rhe8 $14) 42. Rc2 (42. g5 $16) 42... Rc7 43. Rcd2 {[%cal Rf3d5]} Rd7 44. g5 (44. e4 $14) 44... f5 $11 {The position is equal.} 45. Rc1 Rc7 46. a3 Rhh7 47. Rdc2 Kd6 48. Rc3 Ba8 {[%cal Oa5a4]} 49. Rd3 Ke6 50. Rcd1 {[%cal Rf3d5]} Rcd7 51. R3d2 Bb7 52. Bg2 Ba8 53. Rc1 Rc7 54. Rdd1 Bb7 55. Rd2 Ba8 56. Rcd1 {[%cal Rg2d5]} Rcd7 57. Bf3 Bb7 58. Bg2 Ba8 {Weighted Error Value: White=0.09 (flawless) /Black=0.08 (flawless)} 1/2-1/2

[Event "MPL National Senior Chess-ch 2022"]
[Site "Kanpur"]
[Date "2022.02.27"]
[Round "5.14"]
[White "Pranav Vijay"]
[Black "Utsab Chatterjee"]
[Result "1/2-1/2"]
[WhiteElo "2265"]
[BlackElo "2321"]
[Annotator "TA"]
[PlyCount "116"]
[EventDate "2022.02.25"]
[EventCountry "IND"]
[SourceTitle "playchess.com"]
[Source "ChessBase"]
[SourceQuality "1"]

{[%evp 13,116,0,17,4,45,47,39,38,45,45,43,33,46,46,47,27,16,0,12,16,10,0,30,12,38,0,0,0,0,0,0,-4,0,-29,0,0,0,-23,-16,-22,0,-83,-7,-50,-11,-79,0,-56,-37,-49,-22,-31,-31,-124,-31,-105,10,0,0,0,0,0,16,-27,-36,-127,-127,-163,-173,-153,-167,-176,-172,-195,-205,-216,-198,-202,-137,-136,-159,-136,-89,-133,-139,-137,-18,-84,-84,-96,-14,-14,0,0,0,0,0,0,0,0,0,0,0,0,0]} 1. e4 c5 2. Nf3 d6 3. d4 cxd4 4. Nxd4 Nf6 5. Nc3 a6 6. Bg5 Nbd7 7. f4 Qc7 8. Qf3 {B94: Sicilian Najdorf: 6 Bg5 Nbd7.} h6 {8...b5 might become the main line.} (8... b5 $11) 9. Bxf6 $14 Nxf6 10. f5 {White is slightly better.} e5 11. fxe6 $1 fxe6 12. O-O-O Bd7 13. g3 O-O-O 14. Bh3 Re8 {[#]} 15. Rd3 $146 ({Predecessor:} 15. Rhe1 Nh7 16. Qe2 Ng5 17. Bg4 g6 18. h4 h5 19. hxg5 hxg4 20. e5 dxe5 21. Nb3 {1-0 (107) Negi,P (2615)-Yilmaz,M (2479) Chotowa 2010}) 15... Kb8 16. Rhd1 Nh7 17. Qh5 {[%cal Oe4e5]} Ng5 {[%cal Og7g6]} 18. Bg2 $1 Re7 19. Nce2 Be8 20. Qg4 Nf7 21. Rc3 (21. Nxe6 Qd7 22. Bh3 Ne5 $17) 21... Qd7 22. Ng1 g5 23. Qe2 Ne5 24. Rb3 Qa4 25. Ra3 Qc4 26. Qd2 Rf7 27. Ndf3 (27. Ngf3 $11) 27... Bc6 (27... Qxe4 $2 28. Nxg5 $1 {[%mdl 512]} Qxg2 29. Qxg2 $16) (27... Be7 $17 {White must now prevent ...g4.} 28. Kb1 Qc5) 28. Kb1 (28. Nxe5 dxe5 29. Rb3 (29. Qd8+ $2 Ka7 $19) 29... Rd7 $17) (28. Rb3 $11 Rc7 29. Nd4 (29. Nxe5 dxe5 30. Qa5 Qc5 $11)) 28... Qc5 (28... Bxe4 29. Rc3 (29. Nxe5 dxe5 30. Qd8+ Ka7 $11) 29... Nxf3 30. Nxf3 $11) 29. Rc3 (29. Nxe5 $1 $11 {remains equal.} dxe5 30. Rc3) 29... Qb6 (29... Nc4 $17 30. Qd4 Qxd4 31. Nxd4 Bxe4 $1 32. Bxe4 Nd2+ $1 33. Kc1 Nxe4) 30. Nd4 (30. Bh3 $11) 30... Bd7 31. Bf1 Be7 32. Rb3 Qa7 33. Be2 {[#]} (33. h3 $15) 33... Rc8 ({Black should try} 33... g4 $1 $17 34. h4 h5) 34. Ngf3 {[#]} (34. h3 $15) 34... Nc4 (34... g4 $1 $17 {[%cal Rg4f3]} 35. Ne1 (35. Nxe5 dxe5 36. Nf5 Bg5 $17) 35... Rf2) 35. Bxc4 $11 Rxc4 36. Nf5 {[%cal Of3e5]} Qc5 {Prevents Ne5.} (36... exf5 37. Qd5 $16) 37. Nxe7 ({But not} 37. Nxd6 $2 Bxd6 38. Qxd6+ Qxd6 39. Rxd6 Ba4 40. Rxe6 (40. Rd8+ $2 Kc7 $19) 40... Rc8 $19) (37. Nxh6 Rf8 $15) 37... Rxe7 38. e5 ({Much worse is} 38. Qxd6+ Qxd6 39. Rxd6 Rxe4 $15) (38. Nd4 $142) 38... dxe5 39. Qe2 (39. Rc3 $15 Rxc3 40. Qxc3 Qxc3 41. bxc3) 39... Ba4 $17 40. Nxe5 Bxb3 41. axb3 Rd4 42. Rf1 Rd5 43. Nc4 e5 44. Qe4 Rd4 45. Qg6 Red7 {Strongly threatening ...Rd1+.} 46. Qxh6 Rd1+ 47. Rxd1 Rxd1+ {[%mdl 4096] Endgame KQR-KQN} 48. Ka2 e4 {...Rd7 is the strong threat.} 49. Qe6 {Prevents Rd7.} Re1 ({Black should play} 49... Qg1 $17 {[%csl Gg1][%cal Rd1a1]} 50. b4 Qd4 51. Qe8+ (51. c3 $2 Qd5 $19) 51... Ka7) 50. h4 (50. b4 $1 $11 {keeps the balance.} Qc6 51. Qe5+ Ka8 52. Kb3) 50... gxh4 51. gxh4 {[%cal Ob3b4]} e3 (51... Ka7 $17 {Hoping for ...e3.} 52. h5 e3) 52. b4 $1 $11 {The position is equal.} Qc6 53. Qe5+ Ka8 54. Qh8+ Ka7 55. Qd4+ Kb8 {And now ...Qa4+ would win.} 56. Qh8+ Qc8 57. Qe5+ Qc7 {aiming for ...Qxe5.} 58. Qh8+ Qc8 {Black had all chances to win.  Weighted Error Value: White=0.24 (precise) /Black=0.27 (precise)} 1/2-1/2